00541nam a2200193 a 4500001001300000003000900013005001700022008004100039020001000080082001600090100001700106245005300123260003200176300000900208500003500217505005700252650002100309700001700330nice12345678IN_TiNIC20260116012045.0050524s1947 lona grs 000 0 elg  ac10000a225.48bMOU aMoulton, J H aIntroduction to the Study of New Testament Greek aLondonbEpworth Pressc1947 a260p aincludes index and biblioraphy2 aAlso Contains a First Reader in New Testament Greek. aBible N.T. Greek1 aMoulton, J H